000 00616nam a2200229Ia 4500
003 OSt
005 20221005032503.0
006 a|||||r|||| 00| 0
007 ta
008 221004b |||||||| |||| 00| 0 eng d
024 _a90789
037 _cTextual
040 _aCRL
_cCRL
_beng
041 _2eng
_aeng
082 _aV1:19(zq).N8, M3
245 0 _aRoad to worldpeace
_b institute of international peace studies
260 _aChina
_bKyung Hee University Press
_c1983
300 _a287p
_ccm.
650 _aHISTORY
942 _hV1:19(zq).N8, M3
_cTEXL
_2cc
999 _c939815
_d939815